00644nam a2200145 a 4500003000200000005001700002008004100019050003100060100002300091245017000114260009000284300004000374650004100414650004300455020250528151345.0021022s19uu xx 00 eng d aPHS HQ 799.2.I5b.M34 2002 aMagnaye, Patick B. aA Comparative study on the third year high school internet usage of the students of Southville International School and Elizabeth Seton School /cPatrick B. Magnaye. aLas Piñas City, Philippines :bSouthville International School and Colleges,c2002. a27 pages :billustrations ;c28 cm. aInternet and teenagerszPhilippines. aInternetxSocial aspectszPhilippines.